Fragmentos escogidos /

Guardado en:
Bibliografiske detaljer
Hovedforfatter: Ruskin, John (autor)
Format: Bog
Sprog:spansk
Udgivet: México : EOSA, 1985
Serier:(Ideas EOSA ; 31)
Fag:
Tags: Tilføj Tag
Ingen Tags, Vær først til at tagge denne postø!

MARC

LEADER 00000nam^a2200000^a^4500
001 000021867
005 20260407000000.0
009 20260408123714.562
020 |a 968-6672-31-1 
037 |a Acervo ITESO - Biblioteca 
041 |a ESP 
082 |a 709.  |b RUS 
100 |a Ruskin, John  |e (autor) 
245 1 0 |a Fragmentos escogidos /  |c J. Ruskin ; pról. de Federico Alvarez. 
264 1 |a México :  |b EOSA,  |c 1985 
300 |a 193 p. 
336 |a texto  |b txt  |2 rdacontenido 
337 |a sin mediación  |b n  |2 rdamedio 
338 |a volumen  |b nc  |2 rdasoporte 
440 1 |a (Ideas EOSA ;  |v 31) 
649 |a XX 
650 |a Literatura -  |x Historia y Crítica 
650 |a Arte -  |x Historia y Crítica 
910 |a Fondo General 
920 |a Impresos - Libros 
930 |a Colección General 
905 |a 101 
901 |a 0218670100  |b IT1  |c ACC  |d BD  |i 021867  |u 20260407 
902 |a https://opac.biblio.iteso.mx/vufind/Record/000021867